[Event "Королевский Гамбит. Южный Федеральный округ."]
[Date "2025-11-21"]
[Round "4.11"]
[Board "11"]
[White "Глебец Кристина"]
[WhiteElo "1000"]
[Black "Чурбанов Максим"]
[BlackElo "1020"]
[WebSite "https://www.chessopen.ru"]
[GameId "746367e8-90d0-489f-82db-5091922f0f55"]
[Result "0-1"]

1. e4 { [%clk 0:10:01] } d5 { [%clk 0:10:00] } 2. exd5 { [%clk 0:09:57] } Qxd5
{ [%clk 0:10:01] } 3. Be2 { [%clk 0:09:57] } e5 { [%clk 0:09:51] } 4. Nf3 {
[%clk 0:09:55] } e4 { [%clk 0:09:48] } 5. Nh4 { [%clk 0:09:50] } Bc5 { [%clk
0:09:48] } 6. O-O { [%clk 0:09:49] } g5 { [%clk 0:09:41] } 7. Bb5+ { [%clk
0:09:36] } c6 { [%clk 0:09:38] } 8. Ba4 { [%clk 0:09:21] } gxh4 { [%clk
0:09:35] } 9. Nc3 { [%clk 0:08:57] } Qg5 { [%clk 0:09:08] } 10. Nxe4 { [%clk
0:08:47] } Bg4 { [%clk 0:08:23] } 11. Qe1 { [%clk 0:08:41] } Qe5 { [%clk
0:08:07] } 12. Nxc5 { [%clk 0:08:30] } f6 { [%clk 0:07:50] } 13. d3 { [%clk
0:08:11] } b5 { [%clk 0:07:40] } 14. Bb3 { [%clk 0:08:07] } Ne7 { [%clk
0:07:02] } 15. Be6 { [%clk 0:07:55] } Qxc5 { [%clk 0:06:34] } 16. Bh6 { [%clk
0:07:32] } Bxe6 { [%clk 0:06:09] } 17. Qxe6 { [%clk 0:07:17] } Qd5 { [%clk
0:05:45] } 18. Qg4 { [%clk 0:06:52] } Rg8 { [%clk 0:05:39] } 19. Qxh4 { [%clk
0:06:42] } Qxg2# { [%clk 0:05:38] } 0-1

[Event "Королевский Гамбит. Южный Федеральный округ."]
[Date "2025-11-21"]
[Round "4.11"]
[Board "11"]
[White "Переверзева Мария"]
[WhiteElo "1019"]
[Black "Гавриленков Денис"]
[BlackElo "980"]
[WebSite "https://www.chessopen.ru"]
[GameId "19986328-4133-4f21-bceb-a9b91cccf39f"]
[Result "1-0"]

1. e4 { [%clk 0:09:02] } e5 { [%clk 0:09:56] } 2. Nf3 { [%clk 0:08:58] } Bb4 {
[%clk 0:09:43] } 3. a3 { [%clk 0:08:53] } Bc5 { [%clk 0:09:42] } 4. Bb5 { [%clk
0:08:46] } a6 { [%clk 0:09:39] } 5. Ba4 { [%clk 0:08:42] } b5 { [%clk 0:09:39]
} 6. Bb3 { [%clk 0:08:36] } Nc6 { [%clk 0:09:29] } 7. O-O { [%clk 0:08:20] }
Na5 { [%clk 0:09:30] } 8. Bd5 { [%clk 0:08:14] } c6 { [%clk 0:09:31] } 9. Nc3 {
[%clk 0:07:47] } cxd5 { [%clk 0:09:29] } 10. d4 { [%clk 0:07:34] } Bb6 { [%clk
0:09:24] } 11. dxe5 { [%clk 0:07:32] } dxe4 { [%clk 0:09:25] } 12. Nxe4 { [%clk
0:07:24] } Nc4 { [%clk 0:09:02] } 13. Bg5 { [%clk 0:07:16] } Qc7 { [%clk
0:08:52] } 14. b3 { [%clk 0:07:09] } Nxe5 { [%clk 0:08:38] } 15. Nxe5 { [%clk
0:07:00] } Qxe5 { [%clk 0:08:40] } 16. Rc1 { [%clk 0:06:53] } Qxe4 { [%clk
0:08:38] } 17. Re1 { [%clk 0:06:45] } Bb7 { [%clk 0:08:16] } 18. h3 { [%clk
0:06:07] } Ne7 { [%clk 0:07:42] } 19. Rxe4 { [%clk 0:05:39] } Bxe4 { [%clk
0:07:43] } 20. Bxe7 { [%clk 0:05:26] } Kxe7 { [%clk 0:07:43] } 21. Qe1 { [%clk
0:05:25] } d5 { [%clk 0:07:39] } 22. Rd1 { [%clk 0:05:18] } f5 { [%clk 0:07:07]
} 23. Rxd5 { [%clk 0:05:12] } Rhf8 { [%clk 0:07:05] } 24. Qb4+ { [%clk 0:04:50]
} Ke6 { [%clk 0:06:50] } 25. Rd6+ { [%clk 0:04:43] } Ke7 { [%clk 0:06:46] } 26.
Rxb6+ { [%clk 0:04:43] } Kd7 { [%clk 0:06:38] } 27. Qd6+ { [%clk 0:04:37] } Ke8
{ [%clk 0:06:35] } 28. Qe6+ { [%clk 0:04:27] } Kd8 { [%clk 0:06:29] } 29. Rd6+
{ [%clk 0:04:18] } Kc7 { [%clk 0:06:30] } 30. Qd7+ { [%clk 0:04:14] } Kb8 {
[%clk 0:06:26] } 31. Rb6+ { [%clk 0:04:11] } Bb7 { [%clk 0:06:23] } 32. Qxb7# {
[%clk 0:04:10] } 1-0

[Event "Королевский Гамбит. Южный Федеральный округ."]
[Date "2025-11-21"]
[Round "4.11"]
[Board "11"]
[White "Тенгелиди Максим"]
[WhiteElo "1010"]
[Black "Другов Андрей"]
[BlackElo "1000"]
[WebSite "https://www.chessopen.ru"]
[GameId "e652ee79-071b-4c6e-945b-1d381127f27a"]
[Result "0-1"]

1. e4 { [%clk 0:10:01] } d5 { [%clk 0:09:53] } 2. e5 { [%clk 0:09:59] } Nc6 {
[%clk 0:09:45] } 3. d4 { [%clk 0:09:58] } Bf5 { [%clk 0:09:40] } 4. Nf3 { [%clk
0:09:49] } Qd7 { [%clk 0:09:35] } 5. Nc3 { [%clk 0:09:33] } Nb4 { [%clk
0:09:28] } 6. Bb5 { [%clk 0:09:11] } Nxc2+ { [%clk 0:09:21] } 7. Kf1 { [%clk
0:09:04] } c6 { [%clk 0:09:16] } 8. Bd3 { [%clk 0:08:48] } Nxa1 { [%clk
0:09:10] } 9. Bxf5 { [%clk 0:08:45] } Qxf5 { [%clk 0:09:04] } 10. Be3 { [%clk
0:08:28] } Nc2 { [%clk 0:08:41] } 11. Nh4 { [%clk 0:08:06] } Nxe3+ { [%clk
0:08:35] } 12. Ke1 { [%clk 0:07:52] } Nxd1 { [%clk 0:08:30] } 13. Nxf5 { [%clk
0:07:53] } Nxb2 { [%clk 0:08:26] } 14. Ke2 { [%clk 0:07:47] } e6 { [%clk
0:08:18] } 15. Ng3 { [%clk 0:07:42] } Bb4 { [%clk 0:08:12] } 16. Nd1 { [%clk
0:07:19] } Na4 { [%clk 0:07:58] } 17. Ne3 { [%clk 0:07:12] } c5 { [%clk
0:07:54] } 18. dxc5 { [%clk 0:07:02] } Ne7 { [%clk 0:07:48] } 19. Kf3 { [%clk
0:06:36] } Nc6 { [%clk 0:07:39] } 20. Nh5 { [%clk 0:06:16] } Nxe5+ { [%clk
0:07:35] } 21. Kg3 { [%clk 0:06:10] } Nc3 { [%clk 0:07:28] } 22. Nxg7+ { [%clk
0:05:54] } Kf8 { [%clk 0:07:25] } 23. Nh5 { [%clk 0:05:50] } Ne4+ { [%clk
0:07:22] } 24. Kf4 { [%clk 0:05:32] } Nxf2 { [%clk 0:07:19] } 25. Rb1 { [%clk
0:05:25] } Nfd3+ { [%clk 0:07:14] } 26. Kg3 { [%clk 0:05:20] } Rg8+ { [%clk
0:07:10] } 27. Kh4 { [%clk 0:05:17] } Bxc5 { [%clk 0:07:05] } 28. Nc2 { [%clk
0:04:32] } Rg4+ { [%clk 0:07:02] } 29. Kh3 { [%clk 0:04:28] } Nf2# { [%clk
0:06:58] } 0-1

[Event "Королевский Гамбит. Южный Федеральный округ."]
[Date "2025-11-21"]
[Round "4.11"]
[Board "11"]
[White "Шубин Денис"]
[WhiteElo "990"]
[Black "Губарев Матвей"]
[BlackElo "980"]
[WebSite "https://www.chessopen.ru"]
[GameId "0aefb4a5-8d30-40a4-9a83-bbd224fd4ef5"]
[Result "0-1"]

1. e4 { [%clk 0:09:55] } e5 { [%clk 0:09:59] } 2. Bb5 { [%clk 0:09:55] } Bb4 {
[%clk 0:09:51] } 3. Nc3 { [%clk 0:09:58] } a6 { [%clk 0:09:47] } 4. Qh5 { [%clk
0:09:37] } Qf6 { [%clk 0:09:45] } 5. d4 { [%clk 0:09:24] } axb5 { [%clk
0:09:45] } 6. Nf3 { [%clk 0:08:51] } d6 { [%clk 0:09:40] } 7. a3 { [%clk
0:08:45] } Bxc3+ { [%clk 0:09:38] } 8. bxc3 { [%clk 0:08:46] } Nc6 { [%clk
0:09:39] } 9. Bg5 { [%clk 0:08:37] } Qe6 { [%clk 0:09:25] } 10. O-O { [%clk
0:08:26] } Bd7 { [%clk 0:09:24] } 11. Rfb1 { [%clk 0:08:08] } Nf6 { [%clk
0:09:19] } 12. Qh4 { [%clk 0:07:58] } b4 { [%clk 0:09:08] } 13. Re1 { [%clk
0:07:53] } bxc3 { [%clk 0:09:07] } 14. dxe5 { [%clk 0:07:49] } dxe5 { [%clk
0:09:07] } 15. Rab1 { [%clk 0:07:40] } Ra7 { [%clk 0:09:03] } 16. Ra1 { [%clk
0:07:36] } h6 { [%clk 0:08:43] } 17. Bxf6 { [%clk 0:07:34] } gxf6 { [%clk
0:08:43] } 18. Qg3 { [%clk 0:07:27] } Kf8 { [%clk 0:08:35] } 19. Red1 { [%clk
0:07:19] } Rg8 { [%clk 0:08:33] } 20. a4 { [%clk 0:07:11] } Rxg3 { [%clk
0:08:30] } 21. hxg3 { [%clk 0:07:09] } Nb4 { [%clk 0:08:05] } 22. Rdc1 { [%clk
0:06:54] } Bxa4 { [%clk 0:07:58] } 23. Ne1 { [%clk 0:06:28] } h5 { [%clk
0:07:50] } 24. Rcb1 { [%clk 0:06:14] } Nxc2 { [%clk 0:07:44] } 25. Nxc2 { [%clk
0:06:13] } Bxc2 { [%clk 0:07:45] } 26. Rc1 { [%clk 0:06:05] } Rxa1 { [%clk
0:07:45] } 27. Rxa1 { [%clk 0:06:06] } Bxe4 { [%clk 0:07:44] } 28. f3 { [%clk
0:05:57] } Bd5 { [%clk 0:07:42] } 29. Ra8+ { [%clk 0:05:49] } Ke7 { [%clk
0:07:42] } 30. Kf1 { [%clk 0:05:45] } c2 { [%clk 0:07:43] } 31. Ke1 { [%clk
0:05:45] } c1=Q+ { [%clk 0:07:43] } 32. Ke2 { [%clk 0:05:44] } Bc4+ { [%clk
0:07:43] } 33. Kf2 { [%clk 0:05:42] } b5 { [%clk 0:07:39] } 34. g4 { [%clk
0:05:40] } hxg4 { [%clk 0:07:36] } 35. fxg4 { [%clk 0:05:42] } b4 { [%clk
0:07:31] } 36. g5 { [%clk 0:05:41] } fxg5 { [%clk 0:07:32] } 37. g4 { [%clk
0:05:42] } b3 { [%clk 0:07:32] } 38. Kg3 { [%clk 0:05:43] } b2 { [%clk 0:07:32]
} 39. Kh3 { [%clk 0:05:44] } b1=Q { [%clk 0:07:33] } 40. Kg3 { [%clk 0:05:34] }
Qg1+ { [%clk 0:07:33] } 41. Kf3 { [%clk 0:05:35] } Qexg4# { [%clk 0:07:34] }
0-1

[Event "Королевский Гамбит. Южный Федеральный округ."]
[Date "2025-11-21"]
[Round "4.12"]
[Board "12"]
[White "Брига Арина"]
[WhiteElo "990"]
[Black "Коломейцева Евгения"]
[BlackElo "1000"]
[WebSite "https://www.chessopen.ru"]
[GameId "1064c716-1089-402a-b985-7a2829444320"]
[Result "1-0"]

1. c4 { [%clk 0:10:00] } e5 { [%clk 0:09:39] } 2. e3 { [%clk 0:10:02] } c6 {
[%clk 0:09:20] } 3. Nc3 { [%clk 0:10:05] } Nf6 { [%clk 0:09:03] } 4. Nf3 {
[%clk 0:09:45] } d5 { [%clk 0:08:58] } 5. d4 { [%clk 0:09:44] } exd4 { [%clk
0:08:30] } 6. exd4 { [%clk 0:09:41] } Bb4 { [%clk 0:08:30] } 7. Bd2 { [%clk
0:09:34] } Bxc3 { [%clk 0:08:22] } 8. Bxc3 { [%clk 0:09:33] } Ne4 { [%clk
0:08:22] } 9. Qe2 { [%clk 0:08:53] } Be6 { [%clk 0:08:18] } 10. g3 { [%clk
0:08:43] } O-O { [%clk 0:08:11] } 11. Bg2 { [%clk 0:08:37] } Re8 { [%clk
0:08:12] } 12. O-O { [%clk 0:08:33] } Nxc3 { [%clk 0:08:04] } 13. bxc3 { [%clk
0:08:32] } dxc4 { [%clk 0:08:06] } 14. Qb2 { [%clk 0:08:20] } b6 { [%clk
0:07:39] } 15. d5 { [%clk 0:08:13] } Bxd5 { [%clk 0:07:20] } 16. Rad1 { [%clk
0:08:06] } Qc7 { [%clk 0:07:01] } 17. Qc2 { [%clk 0:07:40] } Nd7 { [%clk
0:06:50] } 18. Ng5 { [%clk 0:07:36] } g6 { [%clk 0:06:22] } 19. Bxd5 { [%clk
0:07:32] } cxd5 { [%clk 0:06:02] } 20. Rxd5 { [%clk 0:07:14] } Nf6 { [%clk
0:05:43] } 21. Rb5 { [%clk 0:06:37] } a6 { [%clk 0:05:34] } 22. Rb2 { [%clk
0:06:17] } Qe5 { [%clk 0:05:21] } 23. Qd2 { [%clk 0:05:58] } Rad8 { [%clk
0:05:14] } 24. Qf4 { [%clk 0:05:44] } Qxc3 { [%clk 0:04:57] } 25. Rxb6 { [%clk
0:05:30] } Qa5 { [%clk 0:04:31] } 26. Rxf6 { [%clk 0:05:24] } Rd5 { [%clk
0:04:07] } 27. Nxf7 { [%clk 0:04:58] } Rf5 { [%clk 0:04:00] } 28. Nh6+ { [%clk
0:04:56] } Kg7 { [%clk 0:03:55] } 29. Nxf5+ { [%clk 0:04:18] } Kxf6 { [%clk
0:03:39] } 30. Nd6+ { [%clk 0:04:17] } Ke7 { [%clk 0:03:39] } 31. Nxe8 { [%clk
0:04:04] } Kxe8 { [%clk 0:03:41] } 32. Qxc4 { [%clk 0:04:00] } Qd2 { [%clk
0:03:17] } 33. Qxa6 { [%clk 0:03:49] } h5 { [%clk 0:03:07] } 34. Rb1 { [%clk
0:03:38] } h4 { [%clk 0:03:00] } 35. Rb8+ { [%clk 0:03:32] } Kf7 { [%clk
0:02:47] } 36. Rb7+ { [%clk 0:03:30] } Ke8 { [%clk 0:02:34] } 37. Qxg6+ { [%clk
0:03:17] } Kd8 { [%clk 0:02:28] } 38. Qg8# { [%clk 0:03:16] } 1-0

[Event "Королевский Гамбит. Южный Федеральный округ."]
[Date "2025-11-21"]
[Round "4.12"]
[Board "12"]
[White "Кукса Ирина"]
[WhiteElo "1029"]
[Black "Замшина Арина"]
[BlackElo "1028"]
[WebSite "https://www.chessopen.ru"]
[GameId "be3d489c-4882-47cf-8380-a227bb90cca0"]
[Result "1-0"]

1. e4 { [%clk 0:09:05] } e5 { [%clk 0:09:53] } 2. Nf3 { [%clk 0:09:05] } Bc5 {
[%clk 0:09:48] } 3. Nxe5 { [%clk 0:08:54] } Qh4 { [%clk 0:09:41] } 4. Qf3 {
[%clk 0:08:26] } Nf6 { [%clk 0:09:35] } 5. Nc3 { [%clk 0:08:15] } d6 { [%clk
0:09:31] } 6. Nc4 { [%clk 0:08:06] } Bg4 { [%clk 0:09:23] } 7. Qg3 { [%clk
0:07:51] } Qxg3 { [%clk 0:09:15] } 8. hxg3 { [%clk 0:07:51] } Nc6 { [%clk
0:09:11] } 9. d3 { [%clk 0:07:41] } Nb4 { [%clk 0:09:04] } 10. Na3 { [%clk
0:06:36] } O-O-O { [%clk 0:08:54] } 11. f3 { [%clk 0:05:58] } Be6 { [%clk
0:08:44] } 12. Bd2 { [%clk 0:05:54] } Nc6 { [%clk 0:08:19] } 13. O-O-O { [%clk
0:05:49] } h6 { [%clk 0:08:07] } 14. Kb1 { [%clk 0:05:38] } a6 { [%clk 0:07:59]
} 15. g4 { [%clk 0:05:32] } b5 { [%clk 0:07:46] } 16. Ne2 { [%clk 0:05:20] } d5
{ [%clk 0:07:33] } 17. Nf4 { [%clk 0:05:06] } Kb7 { [%clk 0:07:21] } 18. c3 {
[%clk 0:04:04] } Bxa3 { [%clk 0:07:13] } 19. bxa3 { [%clk 0:04:05] } dxe4 {
[%clk 0:07:09] } 20. dxe4 { [%clk 0:04:01] } Rhg8 { [%clk 0:07:06] } 21. Nxe6 {
[%clk 0:04:01] } fxe6 { [%clk 0:07:01] } 22. Be3 { [%clk 0:03:57] } Rxd1+ {
[%clk 0:06:55] } 23. Kc2 { [%clk 0:03:51] } Re1 { [%clk 0:06:50] } 24. Bd2 {
[%clk 0:03:35] } Ra1 { [%clk 0:06:35] } 25. Kb2 { [%clk 0:03:34] } Rd1 { [%clk
0:06:28] } 26. Kc2 { [%clk 0:03:35] } Ra1 { [%clk 0:06:26] } 27. Kb2 { [%clk
0:03:34] } Rd1 { [%clk 0:06:22] } 28. Kc2 { [%clk 0:03:32] } Rxd2+ { [%clk
0:06:17] } 29. Kxd2 { [%clk 0:03:34] } Rd8+ { [%clk 0:06:12] } 30. Kc2 { [%clk
0:03:33] } Rd7 { [%clk 0:06:09] } 31. Be2 { [%clk 0:03:26] } e5 { [%clk
0:06:04] } 32. Rb1 { [%clk 0:03:18] } g5 { [%clk 0:05:57] } 33. a4 { [%clk
0:03:17] } b4 { [%clk 0:05:46] } 34. Bc4 { [%clk 0:02:51] } a5 { [%clk 0:05:37]
} 35. a3 { [%clk 0:02:41] } Kb6 { [%clk 0:05:31] } 36. axb4 { [%clk 0:02:40] }
axb4 { [%clk 0:05:26] } 37. cxb4 { [%clk 0:02:40] } Rd4 { [%clk 0:05:20] } 38.
a5+ { [%clk 0:02:34] } Kb7 { [%clk 0:05:15] } 39. Kc3 { [%clk 0:02:32] } h5 {
[%clk 0:05:10] } 40. gxh5 { [%clk 0:02:27] } Nxh5 { [%clk 0:05:06] } 41. Bd5 {
[%clk 0:02:28] } Nf4 { [%clk 0:05:02] } 42. a6+ { [%clk 0:02:20] } Kb6 { [%clk
0:04:57] } 43. Bxc6 { [%clk 0:02:19] } Kxc6 { [%clk 0:04:54] } 44. Ra1 { [%clk
0:02:14] } Rd8 { [%clk 0:04:49] } 45. Ra5 { [%clk 0:02:10] } Kb6 { [%clk
0:04:44] } 46. Rxe5 { [%clk 0:02:09] } g4 { [%clk 0:04:39] } 47. b5 { [%clk
0:02:06] } Rd3+ { [%clk 0:04:35] } 48. Kc4 { [%clk 0:02:04] } gxf3 { [%clk
0:04:30] } 49. gxf3 { [%clk 0:02:03] } c6 { [%clk 0:04:26] } 50. bxc6 { [%clk
0:01:59] } Ra3 { [%clk 0:04:23] } 51. Rc5 { [%clk 0:01:27] } Ne6 { [%clk
0:03:15] } 52. Re5 { [%clk 0:00:55] } Nd8 { [%clk 0:03:09] } 53. Re7 { [%clk
0:00:28] } Nxc6 { [%clk 0:03:04] } 54. Rb7+ { [%clk 0:00:13] } Kxa6 { [%clk
0:02:57] } 55. Rh7 { [%clk 0:00:08] } Ne5+ { [%clk 0:02:27] } 56. Kd5 { [%clk
0:00:09] } Nxf3 { [%clk 0:02:21] } 57. e5 { [%clk 0:00:10] } Ra5+ { [%clk
0:02:19] } 58. Kd6 { [%clk 0:00:08] } Nxe5 { [%clk 0:02:18] } 59. Rg7 { [%clk
0:00:06] } Nc4+ { [%clk 0:02:09] } 60. Ke6 { [%clk 0:00:07] } Ne3 { [%clk
0:02:02] } 61. Rg1 { [%clk 0:00:07] } Nf5 { [%clk 0:02:02] } 62. Rf1 { [%clk
0:00:08] } Nd4+ { [%clk 0:02:01] } 63. Kf7 { [%clk 0:00:08] } Rd5 { [%clk
0:01:57] } 64. Rd1 { [%clk 0:00:09] } Rd7+ { [%clk 0:01:54] } 65. Kf6 { [%clk
0:00:10] } Rd6+ { [%clk 0:01:48] } 66. Ke5 { [%clk 0:00:10] } Kb6 { [%clk
0:01:17] } 67. Kxd6 { [%clk 0:00:10] } Nb5+ { [%clk 0:01:13] } 68. Ke5 { [%clk
0:00:09] } Na3 { [%clk 0:01:12] } 69. Rh1 { [%clk 0:00:08] } Ka5 { [%clk
0:01:11] } 70. Kd5 { [%clk 0:00:09] } Kb5 { [%clk 0:01:10] } 71. Rh8 { [%clk
0:00:08] } Kb4 { [%clk 0:01:11] } 72. Rc8 { [%clk 0:00:08] } Kb3 { [%clk
0:01:09] } 73. Kd4 { [%clk 0:00:07] } Ka4 { [%clk 0:01:08] } 74. Rb8 { [%clk
0:00:08] } Ka5 { [%clk 0:00:57] } 75. Kc5 { [%clk 0:00:09] } Ka4 { [%clk
0:00:50] } 76. Rb2 { [%clk 0:00:09] } Ka5 { [%clk 0:00:43] } 77. Ra2 { [%clk
0:00:08] } Ka4 { [%clk 0:00:36] } 78. Ra1 { [%clk 0:00:09] } Kb3 { [%clk
0:00:37] } 79. Rh1 { [%clk 0:00:09] } Kb2 { [%clk 0:00:34] } 80. Rh3 { [%clk
0:00:10] } Kc2 { [%clk 0:00:34] } 81. Kb4 { [%clk 0:00:10] } Nb1 { [%clk
0:00:30] } 82. Kc4 { [%clk 0:00:07] } Kb2 { [%clk 0:00:25] } 83. Rh2+ { [%clk
0:00:06] } Ka3 { [%clk 0:00:24] } 84. Rh8 { [%clk 0:00:07] } Kb2 { [%clk
0:00:23] } 85. Rh2+ { [%clk 0:00:08] } Ka3 { [%clk 0:00:21] } 86. Re2 { [%clk
0:00:09] } Ka4 { [%clk 0:00:23] } 87. Ra2+ { [%clk 0:00:10] } Na3+ { [%clk
0:00:20] } 88. Kc3 { [%clk 0:00:11] } Kb5 { [%clk 0:00:07] } 89. Rxa3 { [%clk
0:00:13] } Kc5 { [%clk 0:00:08] } 90. Ra4 { [%clk 0:00:14] } Kd5 { [%clk
0:00:10] } 91. Rc4 { [%clk 0:00:14] } Ke5 { [%clk 0:00:12] } 92. Kd3 { [%clk
0:00:16] } Kf5 { [%clk 0:00:09] } 93. Ke3 { [%clk 0:00:17] } Ke5 { [%clk
0:00:11] } 94. Rd4 { [%clk 0:00:18] } Ke6 { [%clk 0:00:12] } 95. Ke4 { [%clk
0:00:16] } Kf6 { [%clk 0:00:13] } 96. Rd5 { [%clk 0:00:17] } Kg6 { [%clk
0:00:14] } 97. Kf4 { [%clk 0:00:19] } Kf6 { [%clk 0:00:15] } 98. Re5 { [%clk
0:00:17] } Kf7 { [%clk 0:00:16] } 99. Kf5 { [%clk 0:00:18] } Kg7 { [%clk
0:00:17] } 100. Re6 { [%clk 0:00:20] } Kf7 { [%clk 0:00:18] } 101. Ke5 { [%clk
0:00:17] } Kf8 { [%clk 0:00:15] } 102. Kf6 { [%clk 0:00:18] } Kg8 { [%clk
0:00:16] } 103. Re7 { [%clk 0:00:19] } Kf8 { [%clk 0:00:16] } 104. Re1 { [%clk
0:00:14] } Kg8 { [%clk 0:00:17] } 105. Rh1 { [%clk 0:00:13] } Kf8 { [%clk
0:00:18] } 106. Rh8# { [%clk 0:00:14] } 1-0

[Event "Королевский Гамбит. Южный Федеральный округ."]
[Date "2025-11-21"]
[Round "4.12"]
[Board "12"]
[White "Мещерина Екатерина"]
[WhiteElo "1009"]
[Black "Воронина Полина"]
[BlackElo "1010"]
[WebSite "https://www.chessopen.ru"]
[GameId "bf27eb5c-349d-4343-a019-5b2077dab24c"]
[Result "0-1"]

1. e4 { [%clk 0:09:56] } e5 { [%clk 0:09:55] } 2. Bc4 { [%clk 0:09:55] } h5 {
[%clk 0:09:46] } 3. Qxh5 { [%clk 0:09:53] } Rxh5 { [%clk 0:09:42] } 4. h4 {
[%clk 0:09:52] } Rh8 { [%clk 0:09:31] } 5. d3 { [%clk 0:09:47] } Nc6 { [%clk
0:09:21] } 6. Nc3 { [%clk 0:09:48] } Bc5 { [%clk 0:09:06] } 7. Bf4 { [%clk
0:09:42] } exf4 { [%clk 0:09:03] } 8. O-O-O { [%clk 0:09:39] } d6 { [%clk
0:08:56] } 9. a3 { [%clk 0:09:40] } Bg4 { [%clk 0:08:53] } 10. Rd2 { [%clk
0:09:37] } Qd7 { [%clk 0:08:29] } 11. g3 { [%clk 0:09:31] } fxg3 { [%clk
0:08:28] } 12. fxg3 { [%clk 0:09:30] } Bxg1 { [%clk 0:08:27] } 13. Rxg1 { [%clk
0:09:30] } O-O-O { [%clk 0:08:24] } 14. Rf1 { [%clk 0:09:15] } Nf6 { [%clk
0:08:12] } 15. Rdd1 { [%clk 0:08:56] } Bxd1 { [%clk 0:07:58] } 16. Rxd1 { [%clk
0:08:55] } Nd4 { [%clk 0:07:44] } 17. Re1 { [%clk 0:08:41] } Nf3 { [%clk
0:07:27] } 18. Re3 { [%clk 0:08:37] } Ne5 { [%clk 0:06:58] } 19. g4 { [%clk
0:08:18] } Nxc4 { [%clk 0:06:56] } 20. dxc4 { [%clk 0:08:18] } Qxg4 { [%clk
0:06:55] } 21. Ne2 { [%clk 0:07:37] } Nxe4 { [%clk 0:06:48] } 22. c3 { [%clk
0:07:23] } Rxh4 { [%clk 0:06:23] } 23. Nd4 { [%clk 0:06:58] } Qg1+ { [%clk
0:06:19] } 24. Re1 { [%clk 0:06:58] } Qxe1+ { [%clk 0:06:20] } 25. Kc2 { [%clk
0:06:57] } Rh2+ { [%clk 0:06:18] } 26. Kb3 { [%clk 0:06:56] } Qd1+ { [%clk
0:06:11] } 27. Nc2 { [%clk 0:06:54] } Qxc2+ { [%clk 0:06:11] } 28. Ka2 { [%clk
0:06:52] } Qxb2# { [%clk 0:06:00] } 0-1

[Event "Королевский Гамбит. Южный Федеральный округ."]
[Date "2025-11-21"]
[Round "4.12"]
[Board "12"]
[White "Моргунова Инна"]
[WhiteElo "1000"]
[Black "Панова Виктория"]
[BlackElo "955"]
[WebSite "https://www.chessopen.ru"]
[GameId "495513d3-226b-40a3-bacd-f2c58d89637a"]
[Result "1-0"]

1. e4 { [%clk 0:09:56] } Nc6 { [%clk 0:09:33] } 2. d4 { [%clk 0:09:55] } e6 {
[%clk 0:09:16] } 3. Nf3 { [%clk 0:09:56] } Bb4+ { [%clk 0:09:06] } 4. c3 {
[%clk 0:09:35] } Ba5 { [%clk 0:08:50] } 5. Na3 { [%clk 0:09:35] } Nh6 { [%clk
0:08:30] } 6. Bf4 { [%clk 0:09:28] } Qe7 { [%clk 0:08:17] } 7. Bg5 { [%clk
0:09:26] } Ng8 { [%clk 0:08:15] } 8. Bxe7 { [%clk 0:09:26] } Ngxe7 { [%clk
0:08:15] } 9. Bb5 { [%clk 0:09:15] } h5 { [%clk 0:08:18] } 10. Qb3 { [%clk
0:09:12] } Rh6 { [%clk 0:08:13] } 11. O-O-O { [%clk 0:09:12] } Nd8 { [%clk
0:07:47] } 12. h4 { [%clk 0:09:05] } Rf6 { [%clk 0:07:41] } 13. Rh3 { [%clk
0:09:03] } Bb6 { [%clk 0:07:28] } 14. Rg3 { [%clk 0:09:02] } a6 { [%clk
0:07:06] } 15. Bc4 { [%clk 0:09:00] } Nf5 { [%clk 0:06:29] } 16. exf5 { [%clk
0:08:58] } exf5 { [%clk 0:06:28] } 17. Rxg7 { [%clk 0:08:53] } Ne6 { [%clk
0:06:18] } 18. Rg8+ { [%clk 0:08:46] } Nf8 { [%clk 0:06:11] } 19. Re1+ { [%clk
0:08:15] } Kd8 { [%clk 0:05:18] } 20. Rxf8# { [%clk 0:08:14] } 1-0

[Event "Королевский Гамбит. Южный Федеральный округ."]
[Date "2025-11-21"]
[Round "4.12"]
[Board "12"]
[White "Тимошевская Анна"]
[WhiteElo "971"]
[Black "Королева Лидия"]
[BlackElo "1019"]
[WebSite "https://www.chessopen.ru"]
[GameId "7d8244c9-95dc-4521-a747-e8ed40c924a6"]
[Result "0-1"]

1. f3 { [%clk 0:10:01] } d5 { [%clk 0:10:01] } 2. g4 { [%clk 0:10:03] } e5 {
[%clk 0:10:02] } 3. b4 { [%clk 0:10:02] } Bxb4 { [%clk 0:10:01] } 4. e4 { [%clk
0:09:32] } dxe4 { [%clk 0:09:54] } 5. fxe4 { [%clk 0:09:32] } Nf6 { [%clk
0:09:53] } 6. Nh3 { [%clk 0:09:29] } Nxe4 { [%clk 0:09:54] } 7. Rg1 { [%clk
0:09:23] } Qh4+ { [%clk 0:09:33] } 8. Ke2 { [%clk 0:09:18] } Bc5 { [%clk
0:09:03] } 9. c4 { [%clk 0:09:15] } Bxg4+ { [%clk 0:09:04] } 10. Kd3 { [%clk
0:09:13] } Nf2+ { [%clk 0:08:59] } 11. Kc2 { [%clk 0:09:04] } Nxd1 { [%clk
0:08:57] } 12. Bd3 { [%clk 0:08:55] } Bxh3 { [%clk 0:08:55] } 13. Rxg7 { [%clk
0:08:25] } Kf8 { [%clk 0:08:44] } 14. Rg6 { [%clk 0:08:05] } fxg6 { [%clk
0:08:42] } 15. Kxd1 { [%clk 0:07:51] } Bd4 { [%clk 0:08:40] } 16. Kc2 { [%clk
0:07:54] } Bxa1 { [%clk 0:08:40] } 17. Na3 { [%clk 0:07:38] } Bf5 { [%clk
0:08:38] } 18. Bxf5 { [%clk 0:07:29] } gxf5 { [%clk 0:08:37] } 19. d3 { [%clk
0:07:32] } Qxh2+ { [%clk 0:08:31] } 20. Kb1 { [%clk 0:07:31] } Bd4 { [%clk
0:08:30] } 21. Nb5 { [%clk 0:07:23] } Rg8 { [%clk 0:08:30] } 22. Nxd4 { [%clk
0:07:24] } Rg1 { [%clk 0:08:31] } 23. Nxf5 { [%clk 0:07:19] } a5 { [%clk
0:08:28] } 24. Nh6 { [%clk 0:07:05] } Ra6 { [%clk 0:08:29] } 25. Nf5 { [%clk
0:07:02] } Rb6+ { [%clk 0:08:27] } 26. Ka1 { [%clk 0:06:55] } Rxc1# { [%clk
0:08:25] } 0-1